000 00370nam a2200133Ia 4500
005 20260328101531.0
008 260328s9999||||xx |||||||||||||| ||und||
100 _aAlvarado López, Rolando Enrique
245 0 _aCultura de Guatemala /
_cRolando Enrique Alvarado López
260 _bUniversidad Rafael Landívar
300 _a240 p.
650 _aGUATEMALA
942 _cBK
999 _c9997
_d9997